000 00982nam a22002297a 4500
999 _c2405
_d2405
003 AR-CdUCM
008 190304b ||||| |||| 00| 0 spa d
040 _aMUNICIPALIDAD PROVINCIAL DEL CUSCO
_cBIBLIOTECA MUNICIPAL DEL CUSCO
082 _a376.41 /
_bK28
100 _aKaye, Barrington
_98636
245 _aTrabajo de grupo en las escuelas secundarias :
_by capacitación de los profesores en sus métodos /
260 _aArgentina :
_bEl ateneo,
_c1972.
300 _a172 páginas ;
_c20.5 cm
505 _aContenido: Reacciones de los alumnos -- Un experimento que forma parte de la capacitación de los profesores -- La naturaleza del trabajo de grupo -- La organización del trabajo de grupo -- El trabajo de grupo en acción ...
650 _aTrabajo cooperativo
_98637
650 _aDisciplina
_98638
650 _aTrabajo grupal
_98639
700 _aRogers, Irving
_98640
700 _aArrizabalaga, Delia Nilda (traductora)
_98641
942 _2ddc
_cLIBROS
945 _aafb